01000nam a2200265 i 4500001000300000245014000003260003000143300002100173504003700194650004800231650005200279700003200331020002200363020002900385040000800414041000800422080003500430920002500465920003200490942000700522008004100529999001700570856009800587952004900685bg00aSłownik biograficzny techników polskich.nT. 15 /c[red. nauk. Józef Piłatowicz] ; Federacja Stowarzyszeń Naukowo-Technicznych. aWarszawa :bFSN-T,c2004. a214 s. ;c24 cm. aBibliogr. przy hasłach. Indeks. 9aInżynierowiexbiografiezPolskay19-20 w. 9aPracownicy naukowixbiografiezPolskay19-20 w.1 aPIŁATOWICZ, Józef.eRed. a8385001378 (t.15) a8385001328 (całość) cBPK0 apol a62:378.12:929-052](438)"18/19" a83-85001-37-8 (t.15) a83-85001-32-8 (całość) cKS s pl f |000 0 pol  c45211d45211 uhttp://koha.tu.koszalin.pl/cgi-bin/koha/opac-detail.pl?biblionumber=45211yKatalog online BPK 00104070aBPKbBPKcwo73568p02215976yKS